000 00764nam a2200229 i 4500
003 DO-SdBNP
005 20240912101452.0
007 ta
008 240912s1970 dr 000 0 spa d
040 _aDO-SdBNP
_bspa
_cBNPHU
_erda
082 4 _bU39
_222
100 _aUlianovski, Rostislav
_938667
_eautor
245 1 0 _aAlgunas cuestiones del desarrollo no capitalista en los países de Asia y Africa /
_cRostislav Ulianovski
264 1 _aSanto Domingo :
_bPartido Socialista Popular,
_bEdiciones Centenario de Lenin,
_c[1970].
300 _a16 páginas
_c22 cm.
336 _atexto
_btxt
_2rdacontent
337 _asin mediación
_bn
_2rdamedia
338 _avolumen
_bnc
_2rdacarrier
590 _aInventariado, 2024/ YL
910 _aYLockward
942 _2ddc
_cLF2
999 _c57672
_d57672